000 00913cam a22003133a 4500
001 0000678
003 DO-SdBNP
005 20171120132401.0
007 0000678
008 861112 1999 ck 000 0 spa d
010 _a
020 _a9789583005701
040 _aBPMSU
_cspa
_dBPMSU
_d
082 4 _aCo863.44
_bE77r
100 1 _aEspaña, Gonzalo
_d1945-
245 1 0 _aRelatos de la conquista de América /
_cGonzalo España ; ilustraciones Jorge Alberto Ávila
260 _aSantafé de Bogotá, Colombia :
_bPanamericana,
_c1999.
300 _a148 p. :
_c21 cm.
490 0 _aJuvenil
600 0 0 _a
_x
650 4 _aCUENTOS JUVENILES COLOMBIANOS
650 4 _aLITERATURA JUVENIL COLOMBIANA
700 1 2 _aÁvila, Jorge Alberto
_eil.
830 0 _aJuvenil
910 _aValidado. Control de calidad MFF
942 _2ddc
_cBK
945 _aInventariado, 2017/MFF
956 _2YLOCKWARD
_310
_8BPMSU
999 _c11415
_d11415